000 00714nam a2200217Ii 4500
003 JO-AjNU
008 230605s9999||||xx |||||||||||||| ||und||
017 _a1994/1/87
040 _aJO-AjNU
_bara
_erda
_cJO-AjNU
041 _aara
050 1 4 _aJF1358.A7.Y3388.1994
100 3 _aياغي ، محمد عبد الفتاح ,
_eauthor
_930766
245 0 0 _aالرقابة في الادارة العامة
250 _aط2
264 3 1 _aعمان :محمد عبد الفتاح ياغي ، 1994
300 _a217ص
336 _atext
_btxt
_2rdacontent
337 _aunmediated
_bn
_2rdamedia
338 _avolume
_bnc
_2rdacarrier
650 4 _aالادارة العامة -- مراقبة ةاشراف
_930767
999 _aA12234
_c15802
_d15802